| 000 | 00642nam a2200217 a 4500 | ||
|---|---|---|---|
| 001 | 000033922 | ||
| 005 | 20200930070628.0 | ||
| 008 | 100914s2002 es a r 000 0 spa d | ||
| 020 | _a8497331702 | ||
| 040 |
_aDO-SdBNP _bspa _cBNPHU |
||
| 082 |
_assss _bH895p |
||
| 100 | 1 |
_aBernet, Yves _959365 |
|
| 245 | 1 | 0 |
_aVíctor Hugo / _cYves Bernet. |
| 260 |
_aBarcelona : _bEdiciones Fapa, _c2002. |
||
| 300 |
_a109 p. : ; _c23 cm. |
||
| 490 | 1 |
_aAve Fénix "Histórica" _v1 |
|
| 500 | _aIncluye notas y referencias al pie de páginas | ||
| 600 | 1 | 0 |
_aHUGO, VÍCTOR, _d1802-1885 _945459 |
| 830 | 0 |
_aAve Fénix "Histórica" _959366 |
|
| 049 | _aBNGR | ||
| 999 |
_c33413 _d33413 |
||